[Kardaševičová, Maša]

Zobrazenie: Podobizeň Maše Kardaševičovej, pravdepodobne manželky Teofila Kardaševiča.

Bibliographic Details
Other Authors: Semenenko, A. (fotograf) (Photographer)
Format: Photo
Language:Russian
PhysicalDescription:1 fotografia v hnedom tóne 11 x7 cm
Published: [S.l. s.n. s.a.]
Subjects:

MARC

LEADER 00000nkmaa2200000 a 4500
001 vtls011909352
003 SK-MaSNL
005 20260331211409.0
007 kh ao
008 230802n ru | |||0 k|rus
035 |a 64AC3741-ED47-4F8D-8BF7-1CB76C0639FE 
035 |a urn:nbn:sk:snk-km43i56 
035 |a urn:nbn:sk:snk-km00e7od 
040 |a SNKLA  |b slo  |c SNKLA  |e AACR2 
041 0 |a rus 
044 |a ru  |c RU 
100 1 |a Semenenko, A.  |c (fotograf)  |4 pht  |9 194570 
245 1 0 |a [Kardaševičová, Maša]  |h grafika 
260 |a [S.l.  |b s.n.  |c s.a.] 
300 |a 1 fotografia  |b v hnedom tóne  |c 11 x7 cm 
520 2 |a Zobrazenie: Podobizeň Maše Kardaševičovej, pravdepodobne manželky Teofila Kardaševiča. 
600 1 7 |a Kardaševičová, Maša  |2 SNKMA  |9 437967 
655 7 |a portrétne fotografie  |2 SNKPH  |9 305796 
852 7 |a Slovenská národná knižnica  |b Literárny archív 
958 |a ZO 
958 |a BLA 
999 |c 691913  |d 693843 
952 |a SNKLA  |b SNKLA  |c SNKLA_DEP  |y NEVYP  |7 0  |p 17A1310620  |o snkSK 136/3  |i snkLA 2683/1960  |0 0  |1 0  |4 0  |d 2020-01-07  |f 1  |l 0  |r 2026-02-23 20:30:22  |w 2026-02-23